NIST time and frequency bulletin no. 647 /

Bibliographic Details
Main Author: Potts, Petrina C.
Corporate Author: National Institute of Standards and Technology (U.S.)
Format: Government Document eBook
Language:English
Published: Gaithersburg, MD : U.S. Dept. of Commerce, National Institute of Standards and Technology, 2011.
Series:NISTIR ; 6661-11.
Online Access:https://purl.fdlp.gov/GPO/gpo95117

MARC

Tag First Indicator Second Indicator Subfields
LEADER 00000cam a2200000Ii 4500
001 in00004063821
005 20211120102348.0
007 cr cn|||||||||
008 160721s2011 mdu ot f000 0 eng d
024 8 |a GOVPUB-C13-12394f084e2aaf0435be81b195d2bbc5 
035 |a (OCoLC)ocn953834764 
040 |a NBS  |b eng  |e rda  |e pn  |c NBS  |d GPO  |d MvI  |d UtOrBLW 
049 |a WWW 
074 |a 0247-D (online) 
086 0 |a C 13.58:6661-11 
100 1 |a Potts, Petrina C. 
245 1 0 |a NIST time and frequency bulletin no. 647 /  |c Petrina C. Potts. 
264 1 |a Gaithersburg, MD :  |b U.S. Dept. of Commerce, National Institute of Standards and Technology,  |c 2011. 
300 |a 1 online resource. 
336 |a text  |b txt  |2 rdacontent 
337 |a computer  |b c  |2 rdamedia 
338 |a online resource  |b cr  |2 rdacarrier 
490 1 |a NISTIR ;  |v 6661-11 
500 |a 2011. 
500 |a Contributed record: Metadata reviewed, not verified. Some fields updated by batch processes. 
500 |a Title from PDF title page. 
504 |a Includes bibliographical references. 
700 1 |a Potts, Petrina C. 
710 2 |a National Institute of Standards and Technology (U.S.)  |0 http://id.loc.gov/authorities/names/n88112126 
830 0 |a NISTIR ;  |v 6661-11.  |0 http://id.loc.gov/authorities/names/n88507971 
856 4 0 |u https://purl.fdlp.gov/GPO/gpo95117  |t 0 
999 f f |s 12ed00d9-e681-37cf-af27-7a4829fd9d67  |i 8cf22dae-5bba-3aed-9720-be7053107049  |t 0 
952 f f |a Texas A&M University  |b College Station  |c Electronic Resources  |d Available Online  |t 0  |e C 13.58:6661-11  |h Superintendent of Documents classification 
998 f f |a C 13.58:6661-11  |t 0  |l Available Online